[Event "Cairns Cup 2019"]
[Site "Saint Louis"]
[Date "2019.02.07"]
[Round "2.3"]
[White "Sebag, Marie"]
[Black "Abdumalik, Zhansaya"]
[Result "1/2-1/2"]
[WhiteElo "2476"]
[BlackElo "2468"]
[Annotator "TA"]
[PlyCount "74"]
[EventDate "2019.02.06"]
[EventType "tourn"]
[EventCountry "USA"]
[SourceTitle "playchess.com"]
[Source "ChessBase"]
[SourceQuality "1"]

{[%evp 18,74,2,2,3,8,10,11,15,9,17,7,18,18,18,8,10,0,17,19,31,10,18,-29,-27,-45,-45,-45,-48,-47,-50,-60,-41,-50,-26,-63,-45,-57,0,0,0,0,0,-40,0,0,0,0,0,0,0,0,0,0,0,0,0,0,0]} 1. e4 e5 2. Nf3 Nc6 3. Bb5 a6 4. Ba4 Nf6 5. O-O Be7 6. d3 b5 7. Bb3 d6 8. a3 O-O 9. Nc3 Bg4 10. Be3 Nd4 {C84: Closed Ruy Lopez: Unusual White 6th moves} 11. Bxd4 exd4 12. Nd5 c5 13. h3 (13. a4 Be6 14. Nxf6+ Bxf6 15. Bxe6 fxe6 16. g3 Qd7 17. axb5 axb5 18. Kg2 {½-½ (39) Giri,A (2780)-Ding,L (2816) Shenzhen 2018}) 13... Be6 14. Nf4 Bxb3 15. cxb3 Nd7 16. Rc1 Nb6 $146 ({Predecessor:} 16... Re8 17. b4 a5 18. Re1 {½-½ (44) Portych,V (2081)-Jirku,J (2334) ICCF email 2016}) 17. Re1 Rc8 18. Rc2 Bf6 19. Nh5 Be5 20. Nxe5 dxe5 21. Qd2 g6 22. Ng3 Qd6 23. Rec1 Rc6 24. Qg5 f6 25. Qg4 Kf7 26. f4 exf4 27. Ne2 Rfc8 (27... Nd7 $1 $15) 28. Nxf4 $11 c4 29. bxc4 bxc4 30. dxc4 Rxc4 (30... Nxc4 $5 {[%cal Rd4d3]} 31. Qh4 Kg7 $15) 31. Rxc4 {The position is equal.} Rxc4 32. Rxc4 Nxc4 33. Qc8 Ne3 34. Qb7+ Kg8 35. Qc8+ Kf7 36. Qb7+ Kg8 37. Qc8+ Kf7 {Accuracy: White = 49%, Black = 59%.} 1/2-1/2

[Event "Cairns Cup 2019"]
[Site "Saint Louis"]
[Date "2019.02.07"]
[Round "2.4"]
[White "Harika, Dronavalli"]
[Black "Dzagnidze, Nana"]
[Result "1/2-1/2"]
[WhiteElo "2471"]
[BlackElo "2513"]
[Annotator "TA"]
[PlyCount "65"]
[EventDate "2019.02.06"]
[EventType "tourn"]
[EventCountry "USA"]
[SourceTitle "playchess.com"]
[Source "ChessBase"]
[SourceQuality "1"]

{[%evp 25,65,48,60,60,57,61,64,67,51,51,97,100,80,60,75,24,51,0,0,0,0,0,14,0,20,19,19,2,2,10,8,6,6,6,7,7,8,0,0,0,0,0]} 1. d4 d5 2. c4 dxc4 3. e4 e5 4. Nf3 exd4 5. Bxc4 Nc6 6. O-O Be6 7. Bxe6 fxe6 8. Qb3 Qd7 9. Qxb7 Rb8 10. Qa6 Nf6 11. Nbd2 Bd6 12. a3 O-O 13. b4 e5 14. Ne1 {D20: Queen's Gambit Accepted: 3 e3 and 3 e4} Rb6 (14... Nd8 15. Nd3 Nf7 16. f3 Rb6 17. Qc4 Rc6 18. Qa2 Rc3 19. Ne1 c5 20. Nc4 cxb4 21. axb4 Qe6 22. Nxd6 Qxa2 23. Rxa2 Nxd6 {½-½ (49) Kozul,Z (2631)-Stevic,H (2601) Valpovo 2017}) 15. Qe2 Qe6 $146 ({Predecessor:} 15... Rbb8 16. Nc4 {1-0 (60) Grego,L (2306)-Campoy Moreno,A (2316) ICCF email 2011}) 16. Nc4 {White is slightly better.} Rbb8 17. Bg5 Be7 ({Predecessor:} 17... h6 18. Bxf6 Rxf6 19. Qc2 Ne7 20. Nd3 Ng6 21. f3 Nf4 22. Nxf4 Rxf4 {1-0 (60) Grego,L (2306)-Campoy Moreno,A (2316) ICCF email 2011}) 18. Rc1 {[#]} a5 $1 {[%mdl 512]} 19. bxa5 Rb3 20. Nd3 (20. Bxf6 $16 gxf6 21. f4) 20... Rc3 $11 21. Rxc3 (21. Ndb2 $14) 21... dxc3 {The position is equal.} 22. Nc1 Bc5 23. Bxf6 Rxf6 24. Ne3 Nd4 25. Qd3 Bxa3 26. Ne2 Qa6 27. Qxa6 Rxa6 28. Nxc3 Rxa5 29. Ra1 Bb4 30. Rxa5 Bxa5 31. Ncd5 c6 32. Nc4 cxd5 33. Nxa5 {Accuracy: White = 72%, Black = 80%.} 1/2-1/2

[Event "Cairns Cup 2019"]
[Site "Saint Louis"]
[Date "2019.02.07"]
[Round "2.5"]
[White "Khotenashvili, Bela"]
[Black "Paehtz, Elisabeth"]
[Result "1-0"]
[WhiteElo "2491"]
[BlackElo "2466"]
[Annotator "ChessBase"]
[PlyCount "109"]
[EventDate "2019.02.06"]
[EventType "tourn"]
[EventCountry "USA"]
[SourceTitle "playchess.com"]
[Source "ChessBase"]
[SourceQuality "1"]
[TimeControl "40/5400+30:1800+30"]

1. c4 {[%emt 0:00:00]} c6 {[%emt 0:00:00]} 2. Nf3 {[%emt 0:00:16]} d5 {[%emt 0:00:00]} 3. e3 {[%emt 0:00:05]} Nf6 {[%emt 0:00:00]} 4. b3 {[%emt 0:00:16]} g6 {[%emt 0:02:46]} 5. Bb2 {[%emt 0:00:58]} Bg7 {[%emt 0:00:05]} 6. Be2 {[%emt 0:01:05]} O-O {[%emt 0:00:08]} 7. O-O {[%emt 0:00:18]} a6 {[%emt 0:02:40]} 8. Nc3 {[%emt 0:05:57]} Re8 {[%emt 0:01:06]} 9. d4 {[%emt 0:02:08]} b5 {[%emt 0:26:55]} 10. Ne5 {[%emt 0:07:46]} e6 {[%emt 0:03:49]} 11. Rc1 {[%emt 0:08:18]} Nfd7 {[%emt 0:00:11]} 12. Nxd7 {[%emt 0:26:22]} Nxd7 {[%emt 0:00:20]} 13. Bf3 {[%emt 0:02:37]} Rb8 {[%emt 0:08:12]} 14. Ba1 {[%emt 0:03:44]} bxc4 {[%emt 0:19:51]} 15. bxc4 {[%emt 0:00:44]} a5 {[%emt 0:00:27]} 16. Re1 {[%emt 0:13:46]} Ba6 {[%emt 0:00:20]} 17. c5 {[%emt 0:00:37]} f5 {[%emt 0:06:02]} 18. Be2 {[%emt 0:05:22]} Bxe2 {[%emt 0:00:21]} 19. Nxe2 {[%emt 0:00:05]} e5 {[%emt 0:00:40]} 20. Rb1 {[%emt 0:07:04]} Rxb1 {[%emt 0:00:21]} 21. Qxb1 {[%emt 0:00:02]} Qc7 {[%emt 0:00:28]} 22. Qc2 {[%emt 0:00:41]} f4 {[%emt 0:11:44]} 23. dxe5 {[%emt 0:05:59]} Bxe5 {[%emt 0:00:04]} 24. exf4 {[%emt 0:01:27]} Bxf4 {[%emt 0:00:46]} 25. g3 {[%emt 0:01:58]} Bg5 {[%emt 0:00:12]} 26. Rb1 {[%emt 0:01:50]} Bf6 {[%emt 0:00:32]} 27. Bxf6 {[%emt 0:02:14]} Nxf6 {[%emt 0:00:05]} 28. Nd4 {[%emt 0:00:10]} Nd7 {[%emt 0:02:11]} 29. Kg2 {[%emt 0:01:25]} Re4 {[%emt 0:02:16]} 30. Qc3 {[%emt 0:00:22]} Qe5 {[%emt 0:02:15]} 31. Rd1 {[%emt 0:00:07]} Qc7 {[%emt 0:02:50]} 32. Qc1 {[%emt 0:01:41]} Nf8 {[%emt 0:01:35]} 33. h4 {[%emt 0:00:21]} Ne6 {[%emt 0:00:56]} 34. Nxe6 {[%emt 0:00:06]} Rxe6 {[%emt 0:00:04]} 35. Qd2 {[%emt 0:00:47]} a4 {[%emt 0:02:26]} 36. Rb1 {[%emt 0:00:22]} Re4 {[%emt 0:01:11]} 37. Rb6 {[%emt 0:00:25]} Re8 {[%emt 0:01:44]} 38. Qd4 {[%emt 0:00:34]} Rb8 {[%emt 0:01:27]} 39. Rxb8+ {[%emt 0:00:44]} Qxb8 {[%emt 0:00:04]} 40. Qxa4 {[%emt 0:00:00]} Qc8 {[%emt 0:00:00]} 41. Qd4 {[%emt 0:04:34]} Qa6 {[%emt 0:01:57]} 42. a4 {[%emt 0:09:32]} Qa5 {[%emt 0:00:14]} 43. g4 {[%emt 0:00:26]} Kf7 {[%emt 0:07:42]} 44. h5 {[%emt 0:03:15]} gxh5 {[%emt 0:00:29]} 45. gxh5 {[%emt 0:00:12]} Qa6 {[%emt 0:02:36]} 46. Qg4 {[%emt 0:06:27]} Kf6 {[%emt 0:02:20]} 47. h6 {[%emt 0:01:49]} Ke5 {[%emt 0:04:17]} 48. Qg7+ {[%emt 0:04:13]} Kf4 {[%emt 0:00:05]} 49. Qxh7 {[%emt 0:00:25]} Qxa4 {[%emt 0:00:11]} 50. Qg6 {[%emt 0:01:41]} Qd1 {[%emt 0:00:20]} 51. h7 {[%emt 0:01:23]} Qf3+ {[%emt 0:00:07]} 52. Kg1 {[%emt 0:00:01]} Qd1+ {[%emt 0:00:29]} 53. Kh2 {[%emt 0:00:02]} Qd4 {[%emt 0:00:44]} 54. Qh6+ {[%emt 0:01:17]} Kg4 {[%emt 0:00:39]} 55. Qh3+ {[%emt 0:00:15]} 1-0

[Event "Cairns Cup 2019"]
[Site "Saint Louis"]
[Date "2019.02.08"]
[Round "3.1"]
[White "Abdumalik, Zhansaya"]
[Black "Kosteniuk, Alexandra"]
[Result "0-1"]
[WhiteElo "2468"]
[BlackElo "2532"]
[Annotator "TA"]
[PlyCount "76"]
[EventDate "2019.02.06"]
[EventType "tourn"]
[EventCountry "USA"]
[SourceTitle "playchess.com"]
[Source "ChessBase"]
[SourceQuality "1"]

{[%evp 16,76,37,5,14,0,27,12,25,25,19,12,15,18,9,0,0,0,3,0,0,3,1,-10,-18,-57,-20,-39,-30,-56,-40,-108,-100,-88,-37,-47,-43,-41,-37,-49,-13,-233,-235,-251,-228,-239,-218,-248,-194,-182,-180,-722,-625,-714,-685,-2084,-2116,-2053,-1983,-1856,-1741,-5872,-5489]} 1. e4 e5 2. Nf3 Nc6 3. Bb5 a6 4. Ba4 Nf6 5. O-O b5 6. Bb3 Bc5 7. c3 d6 8. d4 Bb6 9. Be3 O-O {C78: Ruy Lopez: Archangelsk and Möller Defences} 10. Nbd2 h6 11. Re1 Ng4 {The position is equal.} 12. Nf1 exd4 $146 ({Predecessor:} 12... Nxe3 13. Nxe3 Rb8 14. Bd5 Bg4 15. Nxg4 {1-0 (15) Polgar,J (2708)-Topalov,V (2769) Bilbao 2007}) 13. cxd4 Na5 14. Bc2 c5 15. h3 Nxe3 16. Nxe3 cxd4 17. Nd5 Nc4 18. Nxb6 ({Much worse is} 18. Nxd4 Nxb2 19. Qd2 Nc4 $17) 18... Qxb6 19. b3 Ne5 {[%cal Bc4e5,Be5c6,Bc6d4,Bd4f3][%mdl 32]} 20. Rc1 b4 21. Bb1 a5 22. Nxd4 Bxh3 $1 23. Nc6 (23. gxh3 $15 Qxd4 {[%mdl 64] Remove Defender, Decoy} 24. Qxd4 Nf3+ {[%mdl 64] Double Attack} 25. Kg2 Nxd4 26. Bd3) 23... Nxc6 $17 24. Qxd6 Ra6 (24... Rac8 $17 {Strongly threatening ...Rfd8.} 25. gxh3 Rfd8) 25. gxh3 $15 Rd8 26. Qg3 Nd4 $36 {[%mdl 2048] Black is pushing.} 27. e5 Qb5 {White must now prevent ...Ne2+.} 28. Rc4 $2 {[#]} (28. Bd3 $11 Nf3+ 29. Qxf3 Qxd3 30. Qxd3 Rxd3 31. Rc8+ Kh7 32. Rc7) 28... Qd5 $1 $19 29. Qg2 {aiming for Qxd5.} Nf3+ {[%mdl 64] Double Attack} 30. Kh1 {[#]} Qxe5 $1 31. Rec1 {Rc8 is the strong threat.} Qe2 {And now ...Rd1+ would win.} 32. Rc8 Rad6 {( -> ...Rd1+)} 33. Rxd8+ $2 (33. Qg4) 33... Rxd8 {Black is clearly winning.} 34. Qf1 Qe5 {[%csl Gf3][%cal Re5h2]} 35. Qg2 Qf4 36. Rf1 Rd2 37. Rg1 g5 38. Rf1 Kg7 {Accuracy: White = 31%, Black = 70%.} 0-1

[Event "Cairns Cup 2019"]
[Site "Saint Louis"]
[Date "2019.02.08"]
[Round "3.2"]
[White "Gunina, Valentina"]
[Black "Harika, Dronavalli"]
[Result "1/2-1/2"]
[WhiteElo "2501"]
[BlackElo "2471"]
[Annotator "TA"]
[PlyCount "61"]
[EventDate "2019.02.06"]
[EventType "tourn"]
[EventCountry "USA"]
[SourceTitle "playchess.com"]
[Source "ChessBase"]
[SourceQuality "1"]

{[%evp 13,61,18,36,18,18,10,14,9,18,0,0,-2,-6,-12,-10,-14,-14,-14,-7,-5,-4,-6,0,0,0,0,0,0,0,0,0,0,-1,0,0,-11,0,0,-3,-13,0,0,0,-29,0,0,0,-29,0,0]} 1. e4 e5 2. Nf3 Nf6 3. Nxe5 d6 4. Nf3 Nxe4 5. Bd3 d5 6. O-O {C42: Petroff Defence: 3 Nxe5 and unusual White 3rd moves} Be7 7. Re1 Nd6 {LiveBook: 14 Games} 8. c3 {White is slightly better.} O-O 9. Bc2 c6 10. d4 Bf5 11. Bxf5 $146 ({Predecessor:} 11. Bf4 Bxc2 12. Qxc2 Na6 13. Nbd2 Nc7 {½-½ (46) So,W (2786)-Caruana,F (2804) Saint Louis 2018}) 11... Nxf5 12. Qb3 Qc7 13. Qc2 g6 14. Nbd2 Re8 15. Nf1 Nd7 16. Ng3 Nxg3 17. hxg3 Nf6 18. Bf4 Bd6 19. Be5 Ng4 {[%cal Rd6e5]} 20. Bxd6 Qxd6 21. Re2 Rxe2 22. Qxe2 Nf6 23. Re1 Re8 24. Qd2 Rxe1+ 25. Qxe1 Kg7 26. Qe3 Ne4 27. Ne5 Qe6 28. Qf4 Qf6 29. Qe3 Qe6 30. Qf4 Qf6 31. Qe3 {Precision: White = 70%, Black = 55%.} 1/2-1/2

[Event "Cairns Cup 2019"]
[Site "Saint Louis"]
[Date "2019.02.08"]
[Round "3.3"]
[White "Paehtz, Elisabeth"]
[Black "Krush, Irina"]
[Result "1/2-1/2"]
[WhiteElo "2466"]
[BlackElo "2435"]
[Annotator "TA"]
[PlyCount "49"]
[EventDate "2019.02.06"]
[EventType "tourn"]
[EventCountry "USA"]
[SourceTitle "playchess.com"]
[Source "ChessBase"]
[SourceQuality "1"]

{[%evp 18,49,26,33,56,23,31,27,47,41,54,42,47,42,64,0,9,0,0,0,0,0,0,0,0,0,0,0,0,0,0,0,0,0]} 1. e4 c5 2. Nf3 d6 3. d4 cxd4 4. Nxd4 Nf6 5. Nc3 Nc6 6. Bg5 e6 7. Qd2 a6 8. O-O-O Bd7 9. f3 Nxd4 10. Qxd4 Be7 {B67: Sicilian: Richter-Rauzer: 7...a6 8 0-0-0 Bd7, lines without 9 f4 Be7} 11. Bxf6 $146 ({Predecessor:} 11. Kb1 b5 12. Bxf6 gxf6 13. Ne2 Rc8 14. Qd2 Qb6 15. Nf4 h5 16. g3 Rc7 17. Bd3 Kd8 18. c3 {½-½ (41) Anand,V (2776)-Carlsen,M (2843) Karlsruhe/Baden-Baden 2018}) 11... Bxf6 12. Qxd6 Bxc3 {White has an edge.} 13. bxc3 Rc8 14. Rd3 (14. Kb2 {looks sharper.} f6 15. e5 Rc6 16. Qd4 Qb6+ 17. Qxb6 Rxb6+ 18. Ka3) 14... Qe7 15. Kb2 Rc6 16. Qxe7+ (16. Qb4 $14) 16... Kxe7 $11 {The position is equal.} 17. e5 Rhc8 18. Re3 Rb6+ 19. Kc1 Bb5 20. Bxb5 Rxb5 21. Rd1 Ra5 22. Kb2 Rb5+ 23. Kc1 Ra5 24. Kb2 Rb5+ 25. Kc1 {Accuracy: White = 59%, Black = 79%.} 1/2-1/2

[Event "Cairns Cup 2019"]
[Site "Saint Louis"]
[Date "2019.02.08"]
[Round "3.4"]
[White "Zatonskih, Anna"]
[Black "Khotenashvili, Bela"]
[Result "1-0"]
[WhiteElo "2428"]
[BlackElo "2491"]
[Annotator "TA"]
[PlyCount "103"]
[EventDate "2019.02.06"]
[EventType "tourn"]
[EventCountry "USA"]
[SourceTitle "playchess.com"]
[Source "ChessBase"]
[SourceQuality "1"]

{[%evp 20,103,36,33,52,30,31,24,35,18,51,40,52,52,47,35,60,55,63,54,76,77,75,76,85,80,72,47,71,70,73,73,92,79,79,0,106,0,81,61,62,61,62,62,75,62,65,40,45,61,131,141,173,77,82,81,91,95,89,69,188,171,183,177,177,164,184,162,454,468,558,552,550,536,576,579,548,533,831,843,835,816,1144,1132,1122,1093]} 1. d4 Nf6 2. c4 c5 3. d5 g6 4. Nc3 Bg7 5. e4 O-O 6. Be2 d6 7. Nf3 e6 8. O-O exd5 9. exd5 Bg4 10. h3 Bxf3 11. Bxf3 Nbd7 {E91: King's Indian: Classical: 6 Be2, unusual replies including 6...c5 and 6...Bg4} 12. Qc2 Ne8 13. Be2 {[#]} a6 $146 {White has an edge.} ({Predecessor:} 13... Nc7 14. Bd2 f5 15. f4 Nf6 16. Rae1 Qd7 17. Bd3 Kh8 18. b3 Rae8 19. Rxe8 Rxe8 {1-0 (52) Mchedlishvili,M (2624)-Grischuk,A (2726) Mainz 2007}) 14. Bd2 Be5 15. f4 Bd4+ 16. Kh2 f5 17. Bd3 Ng7 18. Ne2 {[%cal Bc3e2,Be2g1,Bg1f3][%mdl 32]} Bf6 19. Ng1 Qb6 20. Rab1 Rae8 21. Nf3 Re7 22. a3 Rfe8 23. b4 Qc7 24. Rfe1 Rxe1 25. Rxe1 Rc8 26. Rb1 Re8 27. Re1 Rc8 $1 28. Rb1 Re8 29. Be1 Nh5 30. g3 cxb4 31. axb4 a5 32. bxa5 Nc5 33. Kg2 Re3 34. Rd1 Ne4 (34... Re8 $14) 35. Bxe4 $16 Rxe4 {[#]} 36. Rc1 (36. c5 $1 $18 {[%mdl 512]}) 36... Qe7 {[#] aiming for ...Re2+.} 37. Bf2 $1 Re2 {[#]} 38. Qd3 $1 {And now c5! would win.} Qe4 39. Rd1 Ra2 (39... h6 $14) 40. Qxe4 $18 fxe4 41. Nd2 e3 42. Bxe3 Bc3 43. Kf3 {Strongly threatening Ne4.} Bxa5 $2 (43... Nf6 {might work better.} 44. Ne4 Nxe4) 44. Ne4 {White is clearly winning.} Ra3 45. g4 Ng7 46. Nxd6 Bb6 47. Re1 Rb3 48. Ne4 h5 49. c5 Bd8 50. Ra1 Be7 51. Ra8+ Kf7 52. Nd6+ {Accuracy: White = 63%, Black = 52%.} 1-0

[Event "Cairns Cup 2019"]
[Site "Saint Louis"]
[Date "2019.02.08"]
[Round "3.5"]
[White "Dzagnidze, Nana"]
[Black "Sebag, Marie"]
[Result "1-0"]
[WhiteElo "2513"]
[BlackElo "2476"]
[Annotator "TA"]
[PlyCount "139"]
[EventDate "2019.02.06"]
[EventType "tourn"]
[EventCountry "USA"]
[SourceTitle "playchess.com"]
[Source "ChessBase"]
[SourceQuality "1"]

{[%evp 9,139,8,8,11,16,28,25,13,32,21,21,29,22,25,33,39,95,112,163,142,258,162,294,274,327,147,161,144,163,162,156,150,162,162,169,133,166,156,160,125,130,121,285,290,274,0,236,183,269,89,178,61,49,56,94,0,0,0,0,0,50,43,164,137,155,106,107,99,83,109,101,117,205,177,181,106,134,34,180,180,180,180,188,186,180,180,180,173,223,198,198,198,271,267,354,351,368,357,381,361,304,275,597,588,701,716,696,683,649,591,29979,29980,29980,802,29984,29981,29988,29987,29989,29988,29988,29989,29989,29990,29996,29993,29993,29991,29991,29992,29992,29993]} 1. e4 c5 2. Nf3 d6 3. Bb5+ Nd7 4. O-O a6 5. Bd3 (5. Bxd7+ Bxd7 6. d4 cxd4 7. Qxd4 e5 8. Qd3 h6 9. a4 Nf6 10. a5 Be7 11. c4 b5 12. axb6 Qxb6 13. Nc3 O-O 14. Be3 Qb7 15. h3 Rfc8 16. Nd2 Be6 17. Rfb1 a5 18. b3 Ra6 19. Ra2 Bd7 20. Rba1 {½-½ (20) Wang,H (2730)-Nepomniachtchi,I (2763) St Petersburg 2018}) 5... Ngf6 6. c3 {B51: Sicilian: Moscow Variation (3 Bb5+) without 3...Bd7} b5 7. Bc2 Bb7 8. Qe2 {White has an edge.} c4 9. b3 Rc8 10. bxc4 bxc4 11. Na3 Qc7 12. Rb1 Ba8 $146 (12... e6 $14) ({Predecessor:} 12... d5) 13. Rb4 $16 Nb6 (13... d5 $16 {might work better.}) 14. d3 $18 a5 (14... cxd3 $16 {was worth a try.} 15. Bxd3 (15. Qxd3 a5 $16) 15... a5 16. Bb5+ Bc6 17. Bxc6+ Qxc6) 15. Rb1 e5 (15... cxd3 $142 16. Bxd3 e5) 16. d4 Be7 17. d5 (17. Nb5 $18 Qb8 18. Ba3) 17... O-O 18. Be3 Nbxd5 19. exd5 Nxd5 20. Nb5 Qd7 21. a4 f5 22. Rbd1 Qe6 23. Bc1 Qg6 24. Bb1 Nb6 25. Ba3 {[%cal Ra3d6]} Rf6 $2 (25... Nd5 $16 {is a better defense.} 26. Bc1 Bb7) 26. Nh4 Qg5 27. Nf3 (27. Nxd6 Bxd6 28. Rxd6 (28. Bxd6 Qxh4 29. Bxe5 Rg6 $16) 28... Qxh4 $16) 27... Qg6 28. Rfe1 Nxa4 (28... Nd5 $142 29. Bc1 Rff8) 29. h3 $2 (29. Nh4 $1 $18 {[%cal Rh4g6]} Qg5 30. g3 (30. Nxd6 Bxd6 31. Bxd6 Qxh4 $14) (30. Bxd6 Nxc3 31. Nxc3 Bxd6 $16)) 29... Bf8 (29... e4 $16 30. Nfd4 Qf7) 30. Kh2 (30. Bc2 $18 Nc5 31. Qxc4+ Kh8 32. Qe2) 30... e4 $14 31. Nfd4 d5 {And now ...Bxa3 would win.} 32. Qa2 (32. Bxf8 $16 Rfxf8 33. Qa2) 32... Nc5 $11 33. Ne2 Qg5 34. Bc1 f4 35. Nxf4 $1 (35. Qxa5 $2 Ra6 $19) 35... Rxf4 {[#]} (35... Qe5 $14) 36. g3 $1 $36 {[%mdl 2112] Pin. Black is under strong pressure.} Ne6 37. gxf4 Nxf4 {[%csl Gf4][%cal Rg5g2]} 38. Rg1 Qe5 39. Bxf4 (39. Qxa5 e3 $17) 39... Qxf4+ 40. Rg3 Bc5 (40... Qb8 $16 {keeps fighting.}) 41. Nd4 Bd6 42. Kg2 (42. Kg1 $18) 42... Qf6 43. Qxa5 ({White should play} 43. Rf1 $16) 43... Bxg3 (43... Rf8 $14 44. Qa2 Bc6) 44. fxg3 Rf8 {[#] ...Qf2+ is the strong threat.} 45. Qa2 $1 Bb7 46. Qe2 Bc8 47. Qe3 Bd7 48. Bc2 h5 49. Re1 h4 50. Bd1 hxg3 (50... Qg6 $142) 51. Qxg3 Qh6 {Strongly threatening ...Bxh3+!} 52. Bg4 Bxg4 53. hxg4 ({Weaker is} 53. Qxg4 Rf4 $16) 53... Qd2+ 54. Re2 Qd1 {intending ...Qf1+.} 55. Qe1 Qa4 $2 (55... Qd3 56. g5 g6) 56. Rf2 Rxf2+ 57. Qxf2 ({Less strong is} 57. Kxf2 Qd7 $18) 57... Qd1 58. g5 g6 59. Qf4 Qb1 60. Qf6 Qb2+ 61. Kg3 (61. Kh3 $142 Qb7 62. Qxg6+ Qg7 63. Qf5 Qf7 64. Kg4 Qe8 65. g6 e3 66. Qxd5+ {[%mdl 64] Double Attack} Kg7 67. Ne6+ Kf6 68. Qf5+ Ke7 69. g7) 61... Qxc3+ 62. Kf4 {White mates.} Kh7 63. Qf7+ Kh8 64. Qf8+ Kh7 65. Qh6+ Kg8 66. Qxg6+ Kh8 67. Qf6+ Kg8 68. g6 Qd2+ 69. Ke5 Qh2+ 70. Ke6 {Accuracy: White = 63%, Black = 36%.} 1-0

[Event "Cairns Cup 2019"]
[Site "Saint Louis"]
[Date "2019.02.09"]
[Round "4.1"]
[White "Sebag, Marie"]
[Black "Kosteniuk, Alexandra"]
[Result "0-1"]
[WhiteElo "2476"]
[BlackElo "2532"]
[Annotator "TA"]
[PlyCount "94"]
[EventDate "2019.02.06"]
[EventType "tourn"]
[EventCountry "USA"]
[SourceTitle "playchess.com"]
[Source "ChessBase"]
[SourceQuality "1"]

{[%evp 16,94,0,0,0,0,18,22,10,0,-8,-23,0,-27,0,0,0,-88,-30,-19,0,0,0,0,0,-7,3,-16,-19,-106,-87,-89,-100,-94,-76,-98,-129,-140,-27,-104,-118,-123,-92,-92,-93,-129,-129,-133,-141,-127,-122,-123,-117,-190,-129,-113,-122,-128,-109,-243,-235,-233,-209,-237,-159,-116,-62,-57,-48,-77,-51,-109,-94,-109,-109,-97,-89,-147,-82,-2113,-1933]} 1. e4 e5 2. Nf3 Nc6 3. Nc3 Nf6 4. d4 exd4 5. Nxd4 Bb4 6. Nxc6 bxc6 7. Bd3 O-O 8. O-O d5 9. Bd2 Rb8 {C47: Scotch Four Knights and Four Knights with 4 g3} (9... Bg4 10. Qc1 Re8 11. Nxd5 Nxd5 12. exd5 Bxd2 13. Qxd2 cxd5 14. Qf4 Be6 15. b4 c6 16. a4 Qb8 17. Qh4 {½-½ (38) Nepomniachtchi,I (2763)-Svidler,P (2737) St Petersburg 2018}) 10. Re1 Ng4 {And now ...Qh4 would win.} 11. h3 Ne5 {The position is equal.} 12. Bf1 d4 $146 ({Predecessor:} 12... Ng6 13. a3 Be7 14. Rb1 Be6 15. Qh5 d4 16. Na4 f5 17. b4 fxe4 {0-1 (41) Molander,R (2353)-Hebden,M (2521) Cork 2005}) 13. Nb1 Bc5 14. Bf4 Ng6 15. Bc1 Qh4 16. Qf3 (16. g3 $11 {keeps the balance.} Qf6 17. Qh5) 16... Ne5 (16... Be6 $17 17. a4 f5) 17. Qf4 $11 Qe7 $36 {[%mdl 2048] Black is pushing.} 18. Qg3 h5 19. b3 Re8 20. Bf4 Bb4 21. Rd1 (21. c3 {is more complex.} dxc3 22. Nxc3 h4 23. Qe3 Bc5 24. Qe2) 21... Ng6 22. Nd2 (22. Bd2 $11) 22... h4 $1 $17 {[%cal Rh4g3]} 23. Qf3 Nxf4 24. Qxf4 Bd6 $1 {[%cal Rd6f4]} 25. Qf3 Qe5 {[%csl Gd6][%cal Re5h2]} 26. Bc4 Qh2+ 27. Kf1 Be6 28. Ke2 Bb4 29. Bxe6 Rxe6 30. Nc4 {[#] Threatens to win with Rh1.} Rbe8 $1 31. Rh1 Rxe4+ 32. Kd3 Qf4 33. Qxf4 Rxf4 34. f3 (34. Raf1 $17) 34... Bc3 (34... c5 $19 35. Rhg1 Rf6) 35. Raf1 Rf6 36. Rhg1 Rg6 37. Rf2 (37. f4 $17) 37... Rge6 $19 38. f4 f6 39. Rf3 c5 40. g3 hxg3 (40... Re2 $17 41. gxh4 R8e7) 41. Rfxg3 $15 R8e7 42. R3g2 Kh7 43. a4 ({White should try} 43. Rg4 $15) 43... Re1 44. f5 Bb4 45. Rxe1 Rxe1 46. Re2 {[#]} (46. a5 $142) 46... Rh1 (46... Rxe2 $142 $1 47. Kxe2 Kh6) 47. Re7 $2 {[%mdl 8192]} (47. a5 $17) 47... Rd1+ {Accuracy: White = 41%, Black = 54%.} 0-1